New Zealand Decoder - Statistics

General Stats
  • This quiz has been taken 229 times
  • The average score is 15 of 24
Answer Stats
Clue Answer % Correct
A Biggest city; every 3rd New Zealander lives here Auckland
96%
W Capital Wellington
95%
C This city suffered from a severe earthquake in 2011 Christchurch
88%
L World-famous trilogy by Peter Jackson Lord of the Rings
88%
H The war dance of the All Blacks Haka
84%
N New Zealand was named after a region in this country Netherlands
82%
H First person to climb Mt. Everest Edmund Hillary
78%
L What Taupo, Hauroko and Te Anau are Lakes
77%
O Continent Oceania
77%
D Large city on South Island with a name of Scottish origin Dunedin
76%
F What are jandals? Flip-Flops
64%
G ‚Franz Josef‘ is 12 km long, cold and passes through rainforest. What is ‚Franz Josef‘? Glacier
60%
E De-facto an official language or former prime minister English
59%
I Southernmost city in NZ Invercargill
58%
O Region where you‘ll find Queenstown Otago
57%
U What you‘ll find in the canton of New Zealand‘s flag Union Jack
54%
N City rebuilt in Art Deco style after an earthquake in the 1930s Napier
48%
D Informal name of the Tasman Sea the {Ditch}
45%
E Head of state Elizabeth II
44%
L Youngest All Black who died in 2015 Jonah Lomu
43%
Other name for New Zealand Land of the Long White Cloud
39%
T Oldest national park with a famous alpine crossing Tongariro
35%
O New Zealand term for an extended overseas working period Overseas Experience (OE)
31%
T Dependent territory Tokelau
28%
No matching quizzes found
Score Distribution
Percent of People with Each Score
Percentile by Number Answered
Your Score History
You have not taken this quiz